| 000 | 01038nam a22002537a 4500 | ||
|---|---|---|---|
| 005 | 20170124102935.0 | ||
| 010 | _aB-143781 | ||
| 020 |
_c195.00 _a812670831 |
||
| 035 | _aB-143781 | ||
| 037 | _bCen Lib/Ret | ||
| 040 |
_aDPL _bHN |
||
| 082 |
_a921 _bअतिया |
||
| 100 |
_aअतिया दाऊद _92125 |
||
| 245 |
_aआइने के सामने : _cअतिया दावूद _bआत्मकथा / |
||
| 246 |
_aAine ke samne : Autobiography _bby Atiya Dawood |
||
| 260 |
_aनई दिल्ली _bराजकमल प्रकाशन _c2004 |
||
| 270 |
_a1-बी, नेताजी सुभाष मार्ग _bनई दिल्ली _e110002 |
||
| 300 |
_a198पृ. _c21सेमी (सजिल्द) |
||
| 650 |
_aआत्मकथा _947449 |
||
| 650 |
_aआत्मकथा--दाऊद, अतिया _947450 |
||
| 650 |
_aAutobiography _928861 |
||
| 650 |
_aAutobiography--Dawood, Atiya _946251 |
||
| 942 |
_2ddc _cHN _h921 _mअतिया |
||
| 999 |
_c112186 _d112186 |
||